<?xml version="1.0" encoding="UTF-8"?>
<record
    xmlns:xsi="http://www.w3.org/2001/XMLSchema-instance"
    xsi:schemaLocation="http://www.loc.gov/MARC21/slim http://www.loc.gov/standards/marcxml/schema/MARC21slim.xsd"
    xmlns="http://www.loc.gov/MARC21/slim">

  <leader>01489nam a2200253   4500</leader>
  <controlfield tag="003">SEM</controlfield>
  <controlfield tag="005">20241205104330.0</controlfield>
  <controlfield tag="008">241004s2002    ru ||||gr||||||01|||rus|d</controlfield>
  <datafield tag="020" ind1=" " ind2=" ">
    <subfield code="a">5-17-015907-2</subfield>
  </datafield>
  <datafield tag="040" ind1=" " ind2=" ">
    <subfield code="a">SEM</subfield>
    <subfield code="c">SEM</subfield>
  </datafield>
  <datafield tag="041" ind1=" " ind2=" ">
    <subfield code="a">rus</subfield>
    <subfield code="h">germ</subfield>
  </datafield>
  <datafield tag="080" ind1=" " ind2=" ">
    <subfield code="a">830(436)-3/&#x426;-26</subfield>
  </datafield>
  <datafield tag="100" ind1=" " ind2=" ">
    <subfield code="a">&#x426;&#x432;&#x435;&#x439;&#x433;, &#x421;&#x442;&#x435;&#x444;&#x430;&#x43D;</subfield>
    <subfield code="c">(&#x43D;&#x435;&#x43C;. Stefan Zweig)</subfield>
    <subfield code="q">(&#x438;&#x43D;&#x43E;&#x433;&#x434;&#x430;-&#x428;&#x442;&#x435;&#x444;&#x430;&#x43D; &#x426;&#x432;&#x430;&#x439;&#x433;)</subfield>
    <subfield code="d">(1881-1942)</subfield>
  </datafield>
  <datafield tag="245" ind1=" " ind2=" ">
    <subfield code="a">&#x410;&#x43C;&#x43E;&#x43A; :</subfield>
    <subfield code="b">(&#x41D;&#x43E;&#x432;&#x435;&#x43B;&#x43B;&#x44B;) /</subfield>
    <subfield code="c">&#x421;. &#x426;&#x432;&#x435;&#x439;&#x433;</subfield>
  </datafield>
  <datafield tag="250" ind1=" " ind2=" ">
    <subfield code="a">&#x41B;&#x438;&#x442;&#x435;&#x440;&#x430;&#x442;&#x443;&#x440;&#x43D;&#x43E;-&#x445;&#x443;&#x434;&#x43E;&#x436;&#x435;&#x441;&#x442;&#x432;&#x435;&#x43D;&#x43D;&#x43E;&#x435; &#x438;&#x437;&#x434;&#x430;&#x43D;&#x438;&#x435;</subfield>
  </datafield>
  <datafield tag="260" ind1=" " ind2=" ">
    <subfield code="a">&#x41C;&#x43E;&#x441;&#x43A;&#x432;&#x430; :</subfield>
    <subfield code="b">&#xAB;&#x410;&#x421;&#x422;&#xBB;,</subfield>
    <subfield code="c">2002.</subfield>
  </datafield>
  <datafield tag="300" ind1=" " ind2=" ">
    <subfield code="a">238 &#x441;&#x442; ;</subfield>
    <subfield code="c">17 &#x441;&#x43C;</subfield>
  </datafield>
  <datafield tag="490" ind1=" " ind2=" ">
    <subfield code="a">&#xAB;&#x41A;&#x43B;&#x430;&#x441;&#x441;&#x438;&#x447;&#x435;&#x441;&#x43A;&#x430;&#x44F; &#x438; &#x441;&#x43E;&#x432;&#x440;&#x435;&#x43C;&#x435;&#x43D;&#x43D;&#x430;&#x44F; &#x43F;&#x440;&#x43E;&#x437;&#x430;&#xBB;</subfield>
    <subfield code="v">&#x412;&#x44B;&#x43F;. 102</subfield>
  </datafield>
  <datafield tag="500" ind1=" " ind2=" ">
    <subfield code="a">&#x422;&#x440;&#x438; &#x43D;&#x43E;&#x432;&#x435;&#x43B;&#x43B;&#x44B; &#xAB;&#x43A;&#x440;&#x430;&#x439;&#x43D;&#x438;&#x445; &#x441;&#x438;&#x442;&#x443;&#x430;&#x446;&#x438;&#x439;&#xBB;, &#x432; &#x43A;&#x43E;&#x442;&#x43E;&#x440;&#x44B;&#x445; &#x447;&#x438;&#x442;&#x430;&#x442;&#x435;&#x43B;&#x44C; (&#x43A;&#x430;&#x43A; &#x438; &#x440;&#x430;&#x441;&#x441;&#x43A;&#x430;&#x437;&#x447;&#x438;&#x43A;) &#x43F;&#x43E;&#x438;&#x441;&#x442;&#x438;&#x43D;&#x435; &#x442;&#x435;&#x440;&#x44F;&#x435;&#x442; &#x447;&#x443;&#x432;&#x441;&#x442;&#x432;&#x43E; &#x440;&#x435;&#x430;&#x43B;&#x44C;&#x43D;&#x43E;&#x441;&#x442;&#x438;,-&#x438; &#x432;&#x44B;&#x43D;&#x443;&#x436;&#x434;&#x435;&#x43D; &#x43F;&#x440;&#x435;&#x431;&#x44B;&#x432;&#x430;&#x442;&#x44C; &#x432; &#x432;&#x435;&#x441;&#x44C;&#x43C;&#x430; &#x441;&#x442;&#x440;&#x430;&#x43D;&#x43D;&#x43E;&#x43C;, &#x43F;&#x440;&#x438;&#x447;&#x443;&#x434;&#x43B;&#x438;&#x432;&#x43E;&#x43C; &#x43C;&#x438;&#x440;&#x435; &#x442;&#x451;&#x43C;&#x43D;&#x44B;&#x445; &#x444;&#x430;&#x43D;&#x442;&#x430;&#x437;&#x438;&#x439; &#x438; &#x44F;&#x440;&#x43E;&#x441;&#x442;&#x43D;&#x44B;&#x445;, &#x43E;&#x431;&#x43D;&#x430;&#x436;&#x451;&#x43D;&#x43D;&#x44B;&#x445; &#x44D;&#x43C;&#x43E;&#x446;&#x438;&#x439;.
&#x422;&#x430;&#x43A;&#x43E;&#x439; &#x421;&#x442;&#x435;&#x444;&#x430;&#x43D; &#x426;&#x432;&#x435;&#x439;&#x433; &#x432; &#xAB;&#x447;&#x451;&#x440;&#x43D;&#x44B;&#x439;&#xBB; -&#x432;&#x43E;&#x437;&#x43C;&#x43E;&#x436;&#x43D;&#x43E;, &#x441;&#x430;&#x43C;&#x44B;&#x439; &#x441;&#x43E;&#x432;&#x440;&#x435;&#x43C;&#x435;&#x43D;&#x43D;&#x44B;&#x439;-&#x43F;&#x435;&#x440;&#x438;&#x43E;&#x434; &#x441;&#x432;&#x43E;&#x435;&#x433;&#x43E; &#x442;&#x432;&#x43E;&#x440;&#x447;&#x435;&#x441;&#x442;&#x432;&#x430;.</subfield>
  </datafield>
  <datafield tag="650" ind1=" " ind2=" ">
    <subfield code="a">&#x410;&#x432;&#x441;&#x442;&#x440;&#x438;&#x439;&#x441;&#x43A;&#x430;&#x44F; &#x43B;&#x438;&#x442;&#x435;&#x440;&#x430;&#x442;&#x443;&#x440;&#x430;</subfield>
    <subfield code="x">&#x43D;&#x43E;&#x432;&#x435;&#x43B;&#x43B;&#x44B;</subfield>
  </datafield>
  <datafield tag="653" ind1=" " ind2=" ">
    <subfield code="a">&#x54D;&#x537;&#x544;</subfield>
  </datafield>
  <datafield tag="830" ind1=" " ind2=" ">
    <subfield code="a">&#xAB;&#x41A;&#x43B;&#x430;&#x441;&#x441;&#x438;&#x447;&#x435;&#x441;&#x43A;&#x430;&#x44F; &#x438; &#x441;&#x43E;&#x432;&#x440;&#x435;&#x43C;&#x435;&#x43D;&#x43D;&#x430;&#x44F; &#x43F;&#x440;&#x43E;&#x437;&#x430;&#xBB;</subfield>
    <subfield code="v">&#x412;&#x44B;&#x43F;. 102</subfield>
  </datafield>
  <datafield tag="942" ind1=" " ind2=" ">
    <subfield code="2">udc</subfield>
    <subfield code="c">BK</subfield>
  </datafield>
  <datafield tag="999" ind1=" " ind2=" ">
    <subfield code="c">75288</subfield>
    <subfield code="d">75288</subfield>
  </datafield>
  <datafield tag="952" ind1=" " ind2=" ">
    <subfield code="0">0</subfield>
    <subfield code="1">0</subfield>
    <subfield code="2">udc</subfield>
    <subfield code="4">0</subfield>
    <subfield code="7">0</subfield>
    <subfield code="8">&#x533;&#x580;&#x561;&#x57A;&#x561;&#x570;&#x578;&#x581;</subfield>
    <subfield code="a">SEM</subfield>
    <subfield code="b">SEM</subfield>
    <subfield code="d">2024-10-04</subfield>
    <subfield code="g">800.00</subfield>
    <subfield code="i">&#x420;&#x443;&#x441;-10492</subfield>
    <subfield code="l">0</subfield>
    <subfield code="o">830(436)-3/&#x426;-26</subfield>
    <subfield code="p">&#x420;&#x443;&#x441;-10492</subfield>
    <subfield code="r">2024-10-04</subfield>
    <subfield code="w">2024-10-04</subfield>
    <subfield code="y">BK</subfield>
    <subfield code="z">&#x54D;&#x57A;&#x561;&#x57D;&#x561;&#x580;&#x56F;&#x57E;&#x578;&#x582;&#x574; &#x567; &#x568;&#x576;&#x569;&#x565;&#x580;&#x581;&#x561;&#x57D;&#x580;&#x561;&#x570;</subfield>
  </datafield>
</record>
